000 01415cam a22003737a 4500
003 CHAP
005 20220329142013.0
008 990120d1998 mx r 00110 spa d
010 _a76911
011 _a77883
035 _a87635
040 _cCHAP
090 _aTesis
100 0 0 _aSerrano Altamirano, Arley Davidson.
_9105196
245 1 0 _aDeterminación del intervalo óptimo de cosecha y descripción fenológica de tomate de cáscara (Physalis ixocarpa, Brot.) tipo Salamanca
_c/por Arley Davidson Serrano Altamirano
260 _aChapingo, Méx. :
_bEl autor,
_c1998.
300 _a54 h. ;
_bgráfs.
502 _aTesis (Ing. Agr. Esp. en Fitotecnia) -- UACH. Departamento de Fitotecnia
590 _aALEPH
_b10
_c20130110
_lUCH01
_h1427
590 _aBATCH-UPD
_b10
_c20130110
_lUCH01
_h0056
590 _aBATCH-UPD
_b10
_c20130110
_lUCH01
_h1821
590 _aBATCH-UPD
_b10
_c20130410
_lUCH01
_h1155
590 _aBATCH-UPD
_b10
_c20130914
_lUCH01
_h1356
590 _aCONVERSION
_b10
_c20130109
_lUCH01
_h1342
650 1 4 _aFenología.
_940043
650 1 4 _aTomate verde
_xEfecto del clima.
_9113806
650 1 4 _aTomate verde
_xRendimiento.
_9113834
901 _aBK
905 _aAlejandra Carrasco M.
942 _cFOLL
949 _bBC
_cTES
_d33724000712022
_eTS2
_fc.2
_h33461
_i87635
_si
949 _bBC
_cTES
_d33724000758751
_eTS2
_fc.3
_h35525
_i87635
_si
949 _bBC
_cTES
_d876351
_eTS1
_h33460
_i87635
_sb
999 _c76911
_d76911